Statistiques concernant Les plus grands hommes de l'histoire

Cliquez ici pour prendre le quiz!

Statistiques générales

  • Ce quiz a été pris 4 fois
  • Le résultat moyen est 1 sur 8

Statistiques - réponses

TailleRéponse% Correct
2.72mRobert Wadlow
75%
2.51mSultan Kösen
50%
2.49Bernard Coyne
0%
2.49mDon Koehler
0%
2.52mEdouard Beaupré
0%
2.57mLeonid Stadnyk
0%
2.51mVäinö Myllyrinne
0%
2.49mVikas Uppal
0%

Distribution des résultats

Percentile par nombre de réponses

% des personnes avec chaque résultat

Votre développement - résultats

Vous n’avez pas pris ce quiz